Yleistieto - Atlantin valtameri - Statistics

Yleistilastot
  • Tätä visaa on pelattu 526 kertaa
  • Keskiarvotulos 12 / 20
Vastaustilastot
Kysymys Vastaus % Oikein
Mikä meri sisältää Pohjanlahden ja Suomenlahden? {Itä}meri
92%
Mikä valtio sijaitsee Meksikonlahdella Yhdysvaltojen ja Meksikon lisäksi? Kuuba
83%
Mikä kanava yhdistää Atlantin ja Tyynenmeren? {Panaman} kanava
83%
Mikä Espanjalle kuuluva saaristo sijaitsee lähellä Marokon rannikkoa? {Kanarian}saaret
81%
Mikä vesialue sijaitsee Englannin ja Ranskan välissä? Englannin kanaali
78%
Mikä on väkirikkain Atlantin valtameren rannalla sijaitseva kaupunkialue? New York
74%
Mikä meri rajautuu Yhdistyneisiin kuningaskuntiin, Alankomaihin ja Tanskaan? {Pohjan}meri
74%
Mikä salmi yhdistää Atlantin ja Välimeren? {Gibraltarin}salmi
72%
Mikä valtio sijaitsee Atlantin keskiselänteellä? Islanti
69%
Mikä meri rajautuu 25 eri valtioon, useampaan kuin mikään muu meri? {Karibian}meri
60%
Mikä valtio hallitsee Bermudan saarta? Yhdistynyt kuningaskunta
57%
Mikä kaupunki tunnetaan Ipanema- ja Copacabana-nimisistä rannoistaan? Rio de Janeiro
56%
Kuka oli englantilainen tutkimusmatkailija, jonka mukaan on nimetty joki New Yorkissa ja lahti Kanadassa? Henry Hudson
55%
Mikä Portugalille kuuluva saariryhmä sijaitsee 1600 kilometriä Lissabonista länteen? Azorit
53%
Mikä ihmisryhmä asutti ensimmäisenä Atlantin molempia puolia? Viikingit
50%
Mikä lahti sijaitsee Espanjasta pohjoiseen ja Ranskasta länteen? {Biskajan}lahti
49%
Mikä on Bahaman pääkaupunki? Nassau
48%
Mikä on Afrikan mantereen läntisin kaupunki? Dakar
44%
Mikä on sen saaren nimi, jolla Kanadan itäisin kaupunki St. John’s sijaitsee? Newfoundland
37%
Mikä saariryhmä koostuu muun muassa Saint Thomasin, Saint Croixin ja Saint Johnin saarista? {Neitsyt}saaret
20%
Ehtoja vastaavia visoja ei löytynyt
Tulosjakauma
Jokaisen tuloksen saaneiden osuus
Persentiili vastausten määrän mukaan
Tuloshistoriasi
Et ole pelannut tätä visaa